ბათუმის შოთა რუსთაველის სახელმწიფო უნივერსიტეტის ბიბლიოთეკა

S/Z : [ონორე დე ბალზაკის "სარაზინი"-ს ანალიზი] / (ბიბ.ჩანაწერი № 44999)

000 -ლიდერი
ფიქსირებული სიგრძის საკონტროლო ველი 01593nam a2200289Ia 4500
001 - საკონტროლო ნომერი
საკონტროლო ველი 11820
003 - საკონტროლო ნომრის იდენტიფიკატორი
საკონტროლო ველი GE_BSU
005 - ბოლო ოპერაციის თარიღი და დრო
საკონტროლო ველი 20240624111630.0
008 - ფიქსირებული სიგრძის მონაცემთა ელემენტები - ზოგადი ინფორმაცია
ფიქსირებული სიგრძის საკონტროლო ველი 181216s2014||||ge |||||||||||||| ||geo||
020 ## - წიგნის საერთაშორისო სტანდარტული ნომერი
International Standard Book Number 978-9941-0-6236-0
040 ## - კატალოგიზაციის წყარო
Transcribing agency GE_BSU
041 ## - ენის კოდი
Language code of text/sound track or separate title geo
080 ## - უნივერსალური ათობითი კლასიფიკაციის ინდექსი
Universal Decimal Classification number 821.133.1.09-32 + 821.133.1-32 ბ–28
100 ## - მთავარი ჩანაწერი - პიროვნების სახელი
Personal name ბარტი, როლან
9 (RLIN) 3064
245 ## - ცნობა სათაურის შესახებ
Title S/Z : [ონორე დე ბალზაკის "სარაზინი"-ს ანალიზი] /
Statement of responsibility, etc როლან ბარტი ; ფრანგ. თარგმნა ნინო გაგოშაშვილმა ; რედ. ირმა რატიანი [და სხვ.].
250 ## - გამოცემის ცნობა
Edition statement I-ლი გამოცემა
264 ## - წარმოების, გამოცემის, დისტრიბუციის და სხვა ცნობები
გამოცემის, წარმოების, დისტრიბუციის... ადგილი თბილისი :
გამოცემის, წარმოების, დისტრიბუციის... სახელწოდება თბილ. უნ-ტის გამ-ბა,
გამოცემის, წარმოების, დისტრიბუციის... თარიღი 2014.
300 ## - ფიზიკური აღწერა
Extent 261 გვ. ;
Dimensions 21 სმ.
500 ## - ზოგადი შენიშვნა
General note პარალელური თავფურცელი ფრანგულ ენაზე
653 ## - INDEX TERM--UNCONTROLLED
Uncontrolled term ლიტერატურათმცოდნეობა
653 ## - INDEX TERM--UNCONTROLLED
Uncontrolled term ფრანგული ლიტერატურის ისტორია და კრიტიკა
700 ## - ADDED ENTRY--PERSONAL NAME
Personal name გაგოშაშვილი, ნინო
Relator term მთარგმნელი
9 (RLIN) 22541
700 ## - ADDED ENTRY--PERSONAL NAME
Personal name რატიანი, ირმა
Relator term რედაქტორი
9 (RLIN) 5778
700 ## - ADDED ENTRY--PERSONAL NAME
Personal name კენჭოშვილი, ირაკლი
Relator term რედაქტორი
9 (RLIN) 22542
700 ## - ADDED ENTRY--PERSONAL NAME
Personal name ლომიძე, გაგა
Relator term რედაქტორი
9 (RLIN) 18483
942 ## - ADDED ENTRY ELEMENTS (KOHA)
Koha item type წიგნი
Source of classification or shelving scheme
ეგზემპლარები
ჩამოწერის სტატუსი დაკარგული ეგზემპლარის სტატუსი კლასიფიკაციის წყარო ან თაროზე გაწყობის სქემა დაზიანების სტატუსი არ გაიცემა მუდმივი მდებარეობა (დაცვის ადგილი) ამჟამინდელი ადგილსამყოფელი თაროზე განთავსების ადგილი შეძენის თარიღი სრული შენახვის შიფრი შტრიხკოდი ბოლო ოპერაციის თარიღი ეგზემპლარის მიმდევრობითი ნომერი (კეტერი?) ფასის ძალაში შესვლის თარიღი ეგზემპლარის სახეობა
          ბათუმის შოთა რუსთაველის სახელმწიფო უნივერსიტეტის მთავარი ბიბლიოთეკა ბათუმის შოთა რუსთაველის სახელმწიფო უნივერსიტეტის მთავარი ბიბლიოთეკა წიგნსაცავი 2018-12-17 821.133.1.09-32 + 821.133.1-32 ბ–28 26906 2018-12-17 26906 2018-12-17 წიგნი
          ბათუმის შოთა რუსთაველის სახელმწიფო უნივერსიტეტის მთავარი ბიბლიოთეკა ბათუმის შოთა რუსთაველის სახელმწიფო უნივერსიტეტის მთავარი ბიბლიოთეკა წიგნსაცავი 2018-12-17 821.133.1.09-32 + 821.133.1-32 ბ–28 47236 2018-12-17 47236 2018-12-17 წიგნი